| 000 | 00000nam##2200000za#4500 |
| 001 | 9.571659 |
| 003 | CaOODSP |
| 005 | 20211126112844 |
| 007 | cr ||||||||||| |
| 008 | 150406|1997||||xxc|||||o f|0| 0 eng|d |
| 022 | |a1701-9397 |
| 040 | |aCaOODSP|beng |
| 043 | |an-cn--- |
| 086 | 1 |aFB3-2/97-12E-PDF |
| 110 | 2 |aBank of Canada. |
| 245 | 12|aA micro approach to the issue of hysteresis in unemployment : |h[electronic resource]|bevidence from the 1988-1990 Labour Market Activity Survey / |cby Gordon Wilkinson. |
| 260 | |aOttawa - Ontario : |bBank of Canada |cMay 1997. |
| 300 | |a47p.|bgraphs, tables |
| 490 | 1 |aBank of Canada working paper|x1701-9397|v97-12 |
| 500 | |a"This paper uses a rich set of microeconomic labour market data: the 1988-90 Labour Market Activity Survey published by Statistics Canada, to test whether there is negative duration dependence in unemployment spells."--Abstract. |
| 500 | |aThe ISBN (0-662-25852-5) and ISSN (1192-5434) for the print edition have been incorrectly copied in this electronic publication. |
| 504 | |aBibliography. |
| 520 | 3 |aThis paper uses a rich set of microeconomic labour market data: the 1988-90 Labour Market Activity Survey published by Statistics Canada, to test whether there is negative duration dependence in unemployment spells.--Abstract |
| 546 | |aRésumé en français. |
| 590 | |a11-19-Supp|b2011-09-23 |
| 690 | 07|aUnemployment|2gcpds |
| 720 | 1 |aWilkinson, Gordon |
| 776 | 0#|tA micro approach to the issue of hysteresis in unemployment : |w(CaOODSP)9.613867 |
| 830 | #0|aWorking paper (Bank of Canada)|x1701-9397|v97-12|w(CaOODSP)9.504604 |
| 856 | 40|ahttp://publications.gc.ca|qPDF|s159 KB|uhttps://publications.gc.ca/collections/Collection/FB3-2-97-12E.pdf|y97-12 |